000 00612nam a2200205 u 4500
005 20241203063738.0
008 160427s2006 mx r 000 0 spa d
020 _a9702914582
035 _aUPN01000209876
049 _aI
050 4 _aQA40.5
_bO9.3
100 1 _aOwen, Claire
_929785
245 1 0 _aCálculos inteligentes /
_cClaire Owen ; tr. Gilda Moreno Manzur.
260 _aMéxico :
_bSantillana,
_cc2006.
300 _a24 p. :
_bil. col.
440 0 _a¡Escápate al mundo!
_pDivulgacion integral
650 4 _aMatemáticas
_vLiteratura infantil
_922413
905 _aInfantil
999 _c181977
_d181977